Mitos griegos : (Registro nro. 6566)
[ vista simple ]
| 000 -LEADER | |
|---|---|
| fixed length control field | 02002nam a22003137a 4500 |
| 003 - CONTROL NUMBER IDENTIFIER | |
| control field | OSt |
| 005 - DATE AND TIME OF LATEST TRANSACTION | |
| control field | 20200220110415.0 |
| 008 - FIXED-LENGTH DATA ELEMENTS--GENERAL INFORMATION | |
| fixed length control field | 200220s2001 ck ||||jr|||| 00| 1dspa d |
| 020 ## - INTERNATIONAL STANDARD BOOK NUMBER | |
| International Standard Book Number | 9789580471066 |
| 040 ## - CATALOGING SOURCE | |
| Original cataloging agency | CO-JMCR |
| Transcribing agency | CO-JMCR |
| 041 1# - LANGUAGE CODE | |
| Language code of text/sound track or separate title | spa |
| Language code of original | eng |
| 082 04 - DEWEY DECIMAL CLASSIFICATION NUMBER | |
| Classification number | LM / |
| Edition number | HAWm |
| 100 1# - MAIN ENTRY--PERSONAL NAME | |
| Personal name | Hawthorne, Nathaniel, |
| Relator term | autor |
| 9 (RLIN) | 800 |
| 245 10 - TITLE STATEMENT | |
| Title | Mitos griegos : |
| Remainder of title | contados otra vez / |
| Statement of responsibility, etc. | Nathaniel Hawthorne ; traducción Anita Gómez de Cárdenas, María Cristina Restrepo |
| 250 ## - EDITION STATEMENT | |
| Edition statement | 1a. edición |
| 260 ## - PUBLICATION, DISTRIBUTION, ETC. | |
| Place of publication, distribution, etc. | Bogotá : |
| Name of publisher, distributor, etc. | Norma, |
| Date of publication, distribution, etc. | 2001 |
| 300 ## - PHYSICAL DESCRIPTION | |
| Extent | 149, 33 páginas ; |
| Dimensions | 21 cm. |
| 490 0# - SERIES STATEMENT | |
| Series statement | Cara y Cruz |
| 501 ## - WITH NOTE | |
| With note | Con: Nathaniel Hawthorne vida y obra |
| 505 0# - FORMATTED CONTENTS NOTE | |
| Formatted contents note | El vellocino de oro -- Los pigmeos -- El palacio de circe -- El minotauro -- El paraíso de los niños |
| 520 ## - SUMMARY, ETC. | |
| Summary, etc. | Los griegos son nuestros antepasados míticos. Ellos construyeron, partiendo de su interés en las leyes naturales, una cultura vigorosa, sensible, alegre y orientada a la comprensión. Así lo entiende Nathaniel Hawthorne. Su versión de cinco de los más representativos mitos griegos, conserva el encanto y la frescura de lo maravilloso. Los mitos nos cuentan cómo funciona el mundo. Nos lo dicen generosamente, sin ocultar nada, globalmente y también en detalle, superando siempre el carácter restringido del conocimiento científico. Aunque la obra de Hawthorne está pintada de tintes sombríos y puritanos, su versión de los mitos helénicos es luminosa; en todo momento pretende ser amena y cordial. Para quienes se inician en el estudio de la cultura occidental, Mitos griegos contados otra vez constituye una puerta de entrada amplia y confiable |
| 546 ## - LANGUAGE NOTE | |
| Language note | Traducido del inglés |
| 650 14 - SUBJECT ADDED ENTRY--TOPICAL TERM | |
| Topical term or geographic name entry element | Leyendas estadounidenses |
| Chronological subdivision | Siglo XIX |
| 9 (RLIN) | 801 |
| 650 14 - SUBJECT ADDED ENTRY--TOPICAL TERM | |
| Topical term or geographic name entry element | Dioses Griegos en la literatura |
| 9 (RLIN) | 802 |
| 650 14 - SUBJECT ADDED ENTRY--TOPICAL TERM | |
| Topical term or geographic name entry element | Reyes y soberanos en la literatura |
| 9 (RLIN) | 803 |
| 700 1# - ADDED ENTRY--PERSONAL NAME | |
| Personal name | Gómez de Cárdenas, Anita, |
| Relator term | traductora |
| 9 (RLIN) | 804 |
| 700 1# - ADDED ENTRY--PERSONAL NAME | |
| Personal name | Restrepo, María Cristina, |
| Relator term | traductora |
| 9 (RLIN) | 805 |
| 942 ## - ADDED ENTRY ELEMENTS (KOHA) | |
| Source of classification or shelving scheme | Dewey Decimal Classification |
| Koha item type | Books |
No hay ítems disponibles.